000 00479nam a2200181Ia 4500
001 4520
005 20260306145802.0
008 260306t2021||||xx |||||||||||||| ||spa||
041 _aESP
082 _a324.2
_bH66
100 _aHofmeister, Wilhelm,
_eAUT
245 0 _aLos partidos políticos y la democracia :
_bteoría y práctica en una visión global
260 _c2021
300 _a349 páginas :
_c24 cm.
650 _aGEN
654 _aCDE
942 _cLIB
_dJUS
_fJUS
_2ddc
_n
999 _c4520
_d4520